000 00639cam a22002173a 4500
001 42421
003 PGUSA
005 20140828083948.0
008 130327s2013||||xxu|||||s|||||000 | eng d
040 _aPGUSA
_beng
042 _adc
100 1 _aAudibert, J.-F.
_q(Joseph-Francois)
245 1 0 _aL'art de faire le vin avec les raisins secs
_h[electronic resource] /
_cJ.-F. Audibert
260 _bProject Gutenberg,
_c2013
506 _aPublic domain in the USA.
516 _aElectronic text
653 _aWine and wine making
830 0 _aProject Gutenberg
_v42421
856 4 0 _uhttp://www.gutenberg.org/ebooks/42421
942 _cEB
999 _c271673
_d271673